|
|
|
|
| LEADER |
00000cam a2200000 a 4500 |
| 001 |
vtls010496986 |
| 003 |
SK-MaSNL |
| 005 |
20260301133114.0 |
| 008 |
240318s2012 xo ao d 001 0 hun |
| 015 |
|
|
|a SNBA2013/08
|
| 020 |
|
|
|a 9788080912796
|q (brož.)
|
| 035 |
|
|
|a 212B3C44-9726-443F-AEEB-335AFB7CD325
|
| 035 |
|
|
|a urn:nbn:sk:snk-aml7b9
|
| 035 |
|
|
|a urn:nbn:sk:snk-am008tra
|
| 040 |
|
|
|a SNK
|b slo
|c SNK
|e AACR2
|
| 041 |
1 |
|
|a hun
|h slo
|
| 044 |
|
|
|a xo
|c SK
|
| 072 |
|
7 |
|a 54
|x Chémia. Mineralogické vedy
|2 konspekt
|
| 080 |
|
|
|a 54
|2 2001
|
| 080 |
|
|
|a (075.3)
|2 2001
|
| 100 |
1 |
|
|a Kmeťová, Jarmila,
|d 1975-
|4 aut
|9 198490
|
| 240 |
1 |
0 |
|a Chémia pre 2. ročník gymnázia so štvorročným štúdiom a 6. ročník gymnázia s osemročným štúdiom
|l Maďarsky
|
| 245 |
1 |
0 |
|a Kémia a négyosztályos gimnázium 2. és a nyolcosztályos gimnázium 6. osztálya számára
|c Jarmila Kmeťová, Marek Skoršepa, Peter Mäčko ; [fordította Lacza Tihamér]
|
| 250 |
|
|
|a 1. kiad.
|
| 260 |
|
|
|a Bratislava
|b Expol pedagogika
|c 2012
|
| 300 |
|
|
|a 183 s.
|b fotogr., ilustr., sch., tab.
|c 25 cm
|
| 500 |
|
|
|a Preložené zo slov.
|
| 504 |
|
|
|a Bibliogr.: s. 178 ; maď.-slov. reg.
|
| 650 |
0 |
7 |
|a chémia
|2 SNKPH
|9 749
|
| 650 |
0 |
7 |
|a Chemistry
|2 SNKPHeng
|9 265248
|
| 655 |
|
7 |
|a učebnice stredných škôl
|2 SNKPH
|9 69323
|
| 655 |
|
7 |
|a Textbooks (secondary)
|2 SNKPHeng
|9 276359
|
| 700 |
1 |
|
|a Skoršepa, Marek,
|d 1976-
|4 aut
|9 204826
|
| 700 |
1 |
|
|a Mäčko, Peter
|4 aut
|
| 700 |
1 |
|
|a Lacza, Tihamér,
|d 1948-
|4 trl
|9 100533
|
| 852 |
|
|
|a Štátna vedecká knižnica v Banskej Bystrici
|
| 919 |
|
|
|a 978-80-8091-279-6
|
| 958 |
|
|
|a OND
|
| 958 |
|
|
|a OP
|
| 958 |
|
|
|a NM
|
| 968 |
|
|
|a Mag
|b SLO
|
| 999 |
|
|
|c 752849
|d 754779
|
| 952 |
|
|
|a SNK
|b SNK
|y PREZ
|7 0
|p 17A1074170
|o snkSC 155266
|i snk2013/15919
|8 0
|0 0
|1 0
|4 0
|d 2013-07-10
|f 1
|l 0
|r 2025-07-25 00:00:00
|w 2026-02-23
|
| 952 |
|
|
|a SNK
|b SNK
|y VYP
|7 0
|p 17A1074171
|o snkSC 155266 D1
|i snk2013/15920
|8 0
|0 0
|1 0
|4 0
|d 2013-07-10
|l 0
|r 2026-02-23 23:38:17
|w 2026-02-23
|